009330000a220013300045001000026000002450056000263000031000825200470001136500044005837730057006279420008006849520090006929990017007821 aGiraldo Gallo, Jairo.10a¿Era de la información o de la transformación? ano.42 (dic.,2009), p.52-57 a¿Cómo se construyen las sociedades del conocimiento? No existe en rigor, una "sociedad del conocimiento" pero, podemos generar la del aprendizaje y la cordura o racionabilidad, a condición de que se transforme la escuela. La posibilidad para lograrlo está en los escolares, niños y niñas. Poco se ha avanzado en precisar que es la información desde el punto de vista físico, así que mal hacemos en denominar "era de la información" a la presente.14aEDUCACION - INVESTIGACIONES - PEDAGOGIA0 tRevista internacional magisterio : educación y ped cANA 001040708HEMaFUSBCbFUSBCd2016-01-26l0o r2016-01-26 00:00:00w2016-01-26yANA c63187d63187